01033nam a2200157Ia 4500008004100000020001500041050002100056100003100077240005500108245009500163260004900258300003300307500003600340505048300376650001600859120720t1981 mx d 000 0 spa d a9687270136 aHF1017bM45 198110aMendenhall, Williameautor aStatistics for management and economicslespañol10aEstadística para administración y economíac / William Mendenhall, James E. Reinmuth aMéxicob: Editorial Iberoamericanac, 1981 a707 páginasb : gráficas aIncluye: índice (pp. 703-707) a¿Qué es la estadística? Notación matemática Estadística descriptiva Probabilidad Variables aleatorias y distribuciones de probabilidad Distribuciones discretas La distribución de probabilidad normal Inferencia estadística con muestras grandes Inferencia con muestras pequeñas Análisis de decisiones Regresión lineal y correlación Regresión múltiple El análisis de varianza Elementos para el análisis de las series de tiempo Modelos de predicción14aESTADISTICA